[Event "Commonwealth-ch"]
[Site "Chennai"]
[Date "2012.11.25"]
[Round "5"]
[White "Naren, Swaminathan P"]
[Black "Shashaank, DS."]
[Result "1-0"]
[WhiteElo "1885"]
[BlackElo "2166"]
[PlyCount "75"]
[EventDate "2012.11.23"]
[EventType "swiss"]
[EventRounds "11"]
[EventCountry "IND"]
[SourceTitle "CBM 151 Extra"]
[Source "ChessBase"]
[SourceDate "2012.12.18"]
[SourceVersion "1"]
[SourceVersionDate "2012.12.18"]
[SourceQuality "1"]

1. e4 e6 2. d4 d5 3. Nc3 Nf6 4. Bg5 Be7 5. e5 Nfd7 6. Bxe7 Qxe7 7. f4 a6 8. Nf3 c5 9. dxc5 Nxc5 10. Bd3 Nc6 11. 0-0 b5 12. Ne2 Bb7 13. Ng3 0-0-0 14. Qe2 f5 15. c3 Ne4 16. a4 g5 17. axb5 axb5 18. Bxb5 Qc5+ 19. Nd4 gxf4 20. Bxc6 Bxc6 21. Nxe4 dxe4 22. b4 Qd5 23. Ra5 f3 24. Qe3 fxg2 25. Rfa1 f4 26. Qh3 f3 27. Rxd5 Bxd5 28. Nxe6 Kb8 29. Nd4 Rhg8 30. Qh6 Rdf8 31. Qd6+ Kc8 32. Kf2 Rd8 33. Qc5+ Kb8 34. Nb5 Rd7 35. Qb6+ Bb7 36. Qa7+ Kc8 37. Nd6+ Kd8 38. Qb8+ 1-0

[Event "New Delhi Parsvnath op 9th"]
[Site "New Delhi"]
[Date "2011.01.09"]
[Round "3"]
[White "Naren, Swaminathan P"]
[Black "Phadke, Sohan"]
[Result "0-1"]
[WhiteElo "1857"]
[BlackElo "2245"]
[PlyCount "87"]
[EventDate "2011.01.08"]
[EventType "swiss"]
[EventRounds "11"]
[EventCountry "IND"]
[SourceTitle "CBM 140 Extra"]
[Source "ChessBase"]
[SourceDate "2011.03.01"]
[SourceVersion "1"]
[SourceVersionDate "2011.03.01"]
[SourceQuality "1"]

1. e4 c5 2. d4 cxd4 3. c3 Nf6 4. e5 Nd5 5. cxd4 d6 6. exd6 Qxd6 7. Nc3 Nc6 8. Nf3 Bg4 9. Be2 e6 10. 0-0 Be7 11. Be3 0-0 12. Qd2 Rfd8 13. Rfd1 Rac8 14. Rac1 a6 15. h3 Bf5 16. Nxd5 Qxd5 17. Bc4 Qa5 18. Qxa5 Nxa5 19. Be2 Nc6 20. Ne5 Be4 21. Bf3 Bxf3 22. Nxf3 Bf6 23. Ng5 Bxg5 24. Bxg5 Rd5 25. Be3 Rcd8 26. Re1 Nxd4 27. Bxd4 Rxd4 28. Rc7 R4d7 29. Rec1 Kf8 30. Rxd7 Rxd7 31. Rc2 e5 32. Kf1 Ke7 33. Ke2 f5 34. Rc8 Ke6 35. Rc2 g6 36. Rc3 Kd6 37. Kd2 Rc7 38. Rd3+ Ke6 39. Rb3 b5 40. a3 Rc4 41. Kd3 f4 42. Kd2 Kd5 43. Kd3 e4+ 44. Kd2 0-1